Normal view
MARC view
- Sedra, Adel S
Entry Personal Name
001 - CONTROL NUMBER
- control field: 69614
003 - CONTROL NUMBER IDENTIFIER
- control field: NUST
005 - DATE AND TIME OF LATEST TRANSACTION
- control field: 20210628204250.0
008 - FIXED-LENGTH DATA ELEMENTS
- fixed length control field: 210628|| aca||aabn | a|a d
040 ## - CATALOGING SOURCE
- Original cataloging agency: NUST
- Transcribing agency: NUST
100 ## - HEADING--PERSONAL NAME
- Personal name: Sedra, Adel S
670 ## - SOURCE DATA FOUND
- Source citation: Work cat.: (NUST): Sedra, Adel S., Microelectronic circuits: theory and applications, 2018
